000 01261nam a2200373 c 4500
001 23847
003 ES-MaCES
005 20141221122853.0
008 110617s2011 sp d t 010 | spa d
035 _aCES20110004936m
040 _aES-MaCES
_bspa
_cES-MaCES
110 2 _aFundación SIMA
_93909
245 1 0 _aMemoria de actividades 2010
_cFundación SIMA
260 _aMadrid
_bFundación SIMA
_c2011
300 _a41 h.
_bgráf. col.
_c30 cm
500 _atít. tomado de la cub.
541 _cGratuito
650 4 _aconflicto de trabajo
_928367
650 4 _aarreglo de conflicto
_927305
650 4 _amediación
_929897
650 4 _aconciliación
_927303
650 4 _aarbitraje
_927302
650 4 _aorganización institucional
_927196
650 4 _amemoria anual
_928977
650 4 _ainforme de actividades
_928984
650 4 _a2010
_931233
650 4 _aEspaña
_926964
653 1 0 _aAdministración-Instituciones públicas
787 0 _tMemoria de actividades 2011 / Fundación SIMA
_w(ES-MaCES)24415
787 0 _tInforme sobre datos de actividad de la Fundación SIMA correspondiente al año 2009
_w(ES-MaCES)22980
902 _aDOC Literatura gris
942 _2CES
_cBK
_h6.3.
999 _c23847
_d23847